00652nam a22001937a 450000500170000001000150001702000270003203500140005903700090007308200200008210000200010224500850012225000070020726000760021427000880029030000210037870000300039970000290042920250801123810.0 aENG-146304 a9789357804745c1200.00 aen-129836 bDBAD a791.8205482201 aGanesan, Sundar aTHUNDEROUS RUN BOUNTIFUL HARVEST/cSundar GanesanbBULLSCAPES OF TAMIL GEOGRAPHY a01 aTamil Nadu, IndiabSenaapathy Kangayam Cattle Research Foundationc2023 aKuttapalayam(p.o.), Tiruppur District, (Formerly Erode District), Tamil Nadu, India a197p.c21cm(pbk) aSivasenapathy, Karthikeya aRajakumar, Karthik Prema